The Subtle Art of Not Giving a Fuck (Record no. 11252)
[ view plain ]
| 000 -LEADER | |
|---|---|
| fixed length control field | 00352nam a22001457a 4500 |
| 003 - CONTROL NUMBER IDENTIFIER | |
| control field | OSt |
| 008 - FIXED-LENGTH DATA ELEMENTS--GENERAL INFORMATION | |
| fixed length control field | 220521b ||||| |||| 00| 0 eng d |
| 020 ## - INTERNATIONAL STANDARD BOOK NUMBER | |
| International Standard Book Number | 978-0-06-264154-0 |
| 082 ## - DEWEY DECIMAL CLASSIFICATION NUMBER | |
| Classification number | 158.1 MAS |
| 100 ## - MAIN ENTRY--PERSONAL NAME | |
| Personal name | MANSON, Mark |
| 245 ## - TITLE STATEMENT | |
| Title | The Subtle Art of Not Giving a Fuck |
| 260 ## - PUBLICATION, DISTRIBUTION, ETC. (IMPRINT) | |
| Place of publication, distribution, etc | New York |
| Name of publisher, distributor, etc | Harper One |
| Date of publication, distribution, etc | 2016 |
| 300 ## - PHYSICAL DESCRIPTION | |
| Extent | 212 |
| 942 ## - ADDED ENTRY ELEMENTS (KOHA) | |
| Source of classification or shelving scheme | Dewey Decimal Classification |
| Koha item type | Text Books |
| Withdrawn status | Lost status | Source of classification or shelving scheme | Damaged status | Not for loan | Collection code | Home library | Current library | Source of acquisition | Currency | Cost, normal purchase price | Bill Number | Total Checkouts | Full call number | Acc. no. / Barcode | Date last seen | Date last borrowed | Actual Cost, discounted price | Bill Date | Koha item type | Public note | Date acquired |
|---|---|---|---|---|---|---|---|---|---|---|---|---|---|---|---|---|---|---|---|---|---|
| Dewey Decimal Classification | GENERAL | PIET C-LIBRARY | PIET C-LIBRARY | Kumar Stationery & Book Seller | Indian Rup | 499.00 | 35239 | 10 | 158.1 MAS | 33613 | 16/05/2023 | 02/05/2023 | 335.00 | 21/05/2022 | Text Books | Motivational | |||||
| Dewey Decimal Classification | GENERAL | PIET C-LIBRARY | PIET C-LIBRARY | Zaffa Books | INR | 550.00 | ZBD0038 | 158.1 MAS | 39175 | 17/04/2025 | 357.50 | 11/04/2025 | Text Books | 11/04/2025 | |||||||
| Dewey Decimal Classification | GENERAL | PIET C-LIBRARY | PIET C-LIBRARY | Zaffa Books | INR | 550.00 | ZBD0038 | 3 | 158.1 MAS | 39176 | 17/03/2026 | 06/03/2026 | 357.50 | 11/04/2025 | Text Books | 11/04/2025 |